| 000 | 00568nam a2200217 a 4500 | ||
|---|---|---|---|
| 001 | BRCA_7149 | ||
| 005 | 20190321142930.0 | ||
| 008 | 110112s1952----sw-a######---#000-0#swe-# | ||
| 041 | _aswe | ||
| 044 | _asw | ||
| 050 | 4 | _b.M49 1952 | |
| 245 | 1 | 0 |
_aMexikansk Konst _bfrån forntid till nutid |
| 260 |
_aEstocolmo _bLiljevalchs Konsthall _c1952 |
||
| 300 |
_a123 p. _bil., 74 láminas _c22 cm. |
||
| 440 | 0 |
_aLiljevalchs katalog _v201 _917743 |
|
| 500 | _aO178 | ||
| 650 | 1 | 4 |
_aArte México _917744 |
| 650 | 1 | 4 |
_aArte mexicano _92321 |
| 902 | _aGFM | ||
| 942 |
_2lcc _cB |
||
| 999 |
_c6830 _d6830 |
||